6-Letter Shakespeare Chain Quiz - Statistics

General Stats
  • This quiz has been taken 23 times
  • The average score is 5 of 11
Answer Stats
Hint Answer % Correct
The Prince of Denmark Hamlet
100%
Colour of jealousy in The Winter's Tale or a sallow face Yellow
81%
By the pricking of my thumbs, Something [...] this way comes Wicked
76%
Antagonist in Romeo and Juliet (also her cousin) Tybalt
67%
Greek capital Theseus is duke of Athens
57%
Country that attacks Cyprus in Othello Turkey
57%
Wife of Iago Emilia
33%
Nymph loved by Apollo, featured in A Midsummer Night's Dream Daphne
24%
King of Naples and enemy of Prospero Alonso
14%
Lover of Valentine in The Two Gentlemen of Verona Silvia
10%
To spill or shed, often blood Effuse
5%
No matching quizzes found
Score Distribution
Percent of People with Each Score
Percentile by Number Answered
Your Score History
You have not taken this quiz